000 02536nam a2200301 4500
003 MN-UlNLM
005 20250121144131.0
008 250121s2014 cc ||||| |||| 00| 0 chi d
020 _a9787109190962
040 _aUB01000001
_bmon
_cMN-UlNLM
_dMN-UlNLM
_eRDA
041 0 _achn
_aMB
043 _aa-cc---
084 _2NNA
100 1 _a熊本海
_eзохиогч
245 1 _a家禽实体解剖学图谱
246 1 _aᢉᠡᠷ ᠦ᠋ᠨ ᠵᠢᢉᠦᠷᠲᠡᠨ ᠦ᠋ ᠠᠨᠠᠲ᠋ᠤᠮᠢ ᠶ᠋ᠢᠨ ᠪᠣᠳᠠᠲᠤ ᠵᠢᠷᠤᠭ
_iхатас дээр монгол бичгээр бичсэн
264 1 _b中国农业出版社
_c2014
300 _a368 хуудастай
_bанатомийн гэрэл зурагтай
_c27 см
504 _aИндекстэй (Хуудас 343-367), Ном зүйтэй (Хуудас 368)
505 _t课题组组长 --
_t课题组副组长 --
_t课题组成员
520 _a"Шувууны хатуу анатомийн атлас" нь тахиа, нугас, галуу гэсэн гурван төрлийн шувууны махыг багтаасан бөгөөд төрөл зүйл тус бүр нь биеийн гадаргуу болон арьсны систем, хоол боловсруулах систем, амьсгалын систем, зүрх судасны тогтолцоог агуулдаг. систем, Шээсний систем, мэдрэлийн систем, эмэгтэйн нөхөн үржихүйн систем, эрэгтэй нөхөн үржихүйн систем, дотоод шүүрлийн болон дархлааны систем, хөдөлгөөний систем зэрэг арван хэсэгтэй, нийт 336 бүлэг, 428 зурагтай. Бүх зургуудыг хятад хэл болон, монгол бичгээр тайлбарлан, бүх эрхтний нэрсийн англи тайлбарыг хавсаргаж, дотоодын уншигчдын хүрээг тэлэх, олон улстай соёлын солилцоо хийх зорилгоор шувууны анатомийн нэр томьёоны тайлбар толь бичигтэй.
650 4 _aШувууны физик анатомийн атлас
650 4 _aхятадын хөдөө аж ахуй
650 4 _aтахиа нугас галуу
880 1 _6245-01(N
_aJiāqín shítǐ jiěpōu xué túpǔ
880 1 _6264-02(N
_bZhōngguó nóngyè chūbǎn shè
_c2014
942 _2NNA
_cBK
999 _c1155160
_d1155217